| 000 | 01320nam a2200241Ia 4500 | ||
|---|---|---|---|
| 003 | Ost | ||
| 005 | 20260416102351.0 | ||
| 008 | 260416s9999||||xx |||||||||||||| ||und|| | ||
| 040 | _cfsecg | ||
| 041 | _aara | ||
| 082 | _a658.3 | ||
| 100 |
_aقديد، فوزية _eمؤلف |
||
| 245 | 0 |
_aأسس إدارة الموارد البشرية / _c فوزية قديد |
|
| 260 |
_aالجزائر _bجامعة الجزائر3: كلية العلوم الإقتصادية، العلوم التجارية وعلوم التسيير _c2016 |
||
| 300 |
_a112 ورقة _bايضاحات _c30 سم |
||
| 504 | _aمراجع ص.111 | ||
| 520 | _aطبيعة وتطور وظيفة ادارة الموارد البشرية، تحليل وتوصيف الوظائف، تخطيط الموارد البشرية، التوظيف، التدريب وتنمية المهارات، نظم الأجور والحوافز، غدارة المسارات الوظيفية، تقييم أداء الموارد البشرية، ادارة النزاعات. | ||
| 653 | _aادارة الافراد | ||
| 653 | _aالادارة | ||
| 653 | _aالقوى العاملة | ||
| 710 |
_aجامعة الجزائر3: كلية العلوم الإقتصادية، العلوم التجارية وعلوم التسيير _eناشر علمي |
||
| 942 | _cHANDOUT | ||
| 999 |
_c40998 _d40998 |
||